Konštrukčný návrh 3D modelu zostavy upínacieho prípravku pre zváranie v oblasti Automotive

Gespeichert in:
Bibliographische Detailangaben
1. Verfasser: Vetro, Martin (Verfasst von)
Weitere Verfasser: Hajdu, Štefan (Betreuung Doktorarbeit)
Format: Manuskript Buch
Sprache:Slowakisch
Veröffentlicht: 2018
Schlagworte:
Online-Zugang:http://is.stuba.sk/zp/portal_zp.pl?podrobnosti=138488
Tags: Tag hinzufügen
Keine Tags, Fügen Sie das erste Tag hinzu!

MARC

LEADER 00000ntm a22000003a 4500
001 stuzp68184
003 SK-STU
005 20180820160134.2
007 ta
008 150427s2015----xo-----f-mn---000-0-slo-d
040 |a STU  |b slo 
041 0 |a slo 
100 1 |a Vetro, Martin  |u 063000  |4 aut  |U MTF Materiálovotechnologická fakulta  |T MTF Ústav výrobných technológií  |X 71873  |U M3000  |Y 83  |7 71873 
242 0 1 |a Design and assembly of 3D model of clamping device for welding in the Automotive industry  |y eng 
245 1 0 |a Konštrukčný návrh 3D modelu zostavy upínacieho prípravku pre zváranie v oblasti Automotive 
260 |c 2018 
650 4 |a upínací prípravok  |2 slo 
650 4 |a manipulačné zariadenie  |2 slo 
650 4 |a bodové zváranie  |2 slo 
650 4 |a CATIA V5  |2 slo 
650 4 |a clamping device  |2 eng 
650 4 |a handling device  |2 eng 
650 4 |a spot welding  |2 eng 
650 4 |a CATIA V5  |2 eng 
700 1 |a Hajdu, Štefan  |u 066000  |k Z1  |4 ths  |U MTF Materiálovotechnologická fakulta  |T MTF Ústav aplikovanej informatiky, automatizácie a mechatroniky  |X 70628  |U M6000  |Y 86  |7 A000070628 
856 4 |u http://is.stuba.sk/zp/portal_zp.pl?podrobnosti=138488 
996 |c M* DP-13556  |l MMSKP  |s P  |a 0  |w stuzp68184_0001